000 01112cam a22001814a 4500
005 20250605163456.0
008 250528s ||||||||||||||||||||||||d
035 _a20113
020 _a9282584097
040 _aGR-AtMCL
_bgre
_dGR-AtMCL
_eAACR2
245 1 _aThe Community Labour Force Survey in the 1990s / Proceedings of the Seminar ''The Community Labour Force Survey in the 1990s'', Luxembourg, October 1987
260 _bEurostat News,
_c1988
300 _a414
520 _aPreface, Introduction, The Community Labour Force Survey in the 1990s, Problems in the Statistical Measurement of Unemployment in the Community, Possible Improvements in the Measurement of Unemployment, Uses and Potential of National Labour Force Surveys - a User's View, The Statistical Measurement and Description of Change, The Problems of Estimating Gross Flows on the Basis of Continuous Surveys, The Transition from Annual to Quarterly Labour Force Surveys, The Canadian Labour Force Survey: A Future that Builds on the Past, Closing Remarks, List of Participants.
942 _cBK
999 _c5252
_d5252